000 00667nam a2200217 i 4500
001 91508
003 ES-MaACL
005 20251005063059.0
007 t|
008 050131s1957 sp ||||1| spa d
100 1 _aLewis, Sinclair,
_d1885-1951
_972071
245 1 0 _aCárceles de mujeres
_b: novela /
_cSinclair Lewis ; [traducción del inglés por María Luisa Martínez].
250 _a[1ª ed.].
260 _aBarcelona :
_bPlaneta,
_c1957 (
_fPulcra)
300 _a448 p. ;
_c19 cm.
490 1 _aLuyve
700 1 _aMartínez, María Luisa.
_977791
830 0 _aLuyve
_9181395
852 _aES-MaACL
_jC-13732
_bR.41645
999 _c91508
_d91508